| 000 | 00366pab a2200157 454500 | ||
|---|---|---|---|
| 008 | 180718b2011 xxu||||| |||| 00| 0 eng d | ||
| 100 | _aBiswas, Malay | ||
| 245 | _aMoral competency: Deconstructing the decorated staff | ||
| 260 | _c2011 | ||
| 300 | _ap.115-125. | ||
| 362 | _aJun | ||
| 650 | _aMoral values | ||
| 773 | _aVision | ||
| 908 | _aN | ||
| 909 | _a95500 | ||
| 999 |
_c95500 _d95500 |
||